000 00747nam a2200253Ia 4500
003 OSt
005 20220923211617.0
006 a|||||r|||| 00| 0
007 ta
008 220922b |||||||| |||| 00| 0 hin d
024 _a9,735
037 _cTextual
040 _aARTS
_cARTS
_bhin
041 _2hin
_ahin
082 _aQ2:22v, 152L8
100 _aकुॅंवरलाल
245 0 _aइतिहास पुराण साहित्य का इतिहास
246 _aItihās purāṇ sāhitya kā itihāsa
260 _c1978
300 _a133p.
_ccm.
650 _aभारतीय दर्शन
942 _hQ2:22v, 152L8
_cTEXL
_2CC
999 _c301422
_d301422